| 000 | 00569nam a22001577a 4500 | ||
|---|---|---|---|
| 999 |
_c535831 _d535831 |
||
| 020 | _qHard Cover. | ||
| 082 | _a616.075 | ||
| 100 | _aIkram, Hasan | ||
| 245 |
_aASSOCIATIONOF METABOLIC SYNDROME WITH ATYPICAL ANTIPSYCHOTIC DRUG USE (OLANZAPINE) SHORT TERM VERSUS LONG TERM USE / _cHasan Ikram. |
||
| 260 |
_aIslamabad : _bAMC - NUST, _c2015. |
||
| 300 |
_axvii, 65 p. : ill. ; _c30cm. |
||
| 942 |
_2ddc _cTHE |
||
| 650 |
_aChemical Pathology M Phil.-Thesis. _930636 |
||
| 700 |
_aDr. Tariq Mehmood Ahmed. _930709 |
||